[Event "San Nicolas de Bari-A"]
[Site "San Nicolas de Bari"]
[Date "2009.11.29"]
[Round "6"]
[White "Quesada Perez, Yasser"]
[Black "Valdes Lopez, Alejandro"]
[Result "1-0"]
[WhiteElo "2423"]
[BlackElo "2233"]
[PlyCount "89"]
[EventDate "2009.11.24"]
[EventType "tourn"]
[EventRounds "7"]
[EventCountry "CUB"]
[EventCategory "4"]
[SourceTitle "CBM 133 Extra"]
[Source "ChessBase"]
[SourceDate "2010.01.05"]
[SourceVersion "1"]
[SourceVersionDate "2010.01.05"]
[SourceQuality "1"]

1. e4 c5 2. Nf3 e6 3. d4 cxd4 4. Nxd4 Nc6 5. Nc3 Qc7 6. Be2 a6 7. 0-0 Nf6 8. Kh1 Nxd4 9. Qxd4 Bc5 10. Qd3 b5 11. f4 Bb7 12. Bf3 d5 13. exd5 Rd8 14. Nxb5 axb5 15. Qxb5+ Ke7 16. Qxb7 Qxb7 17. d6+ Rxd6 18. Bxb7 Ng4 19. h3 Ne3 20. Bxe3 Bxe3 21. Rf3 Bd2 22. Be4 Rb8 23. b3 Rd4 24. Rd1 Rbd8 25. Bd3 Bb4 26. Rdf1 f5 27. a4 Rc8 28. g3 Kf6 29. Re3 Bd2 30. Re2 Bc3 31. Rf3 Rc6 32. Kg2 Ba5 33. Re5 Bc3 34. Re2 Ba5 35. Rfe3 h6 36. Bb5 Rcd6 37. c3 Rd2 38. b4 Rxe2+ 39. Rxe2 Bc7 40. a5 Rd1 41. Bc4 e5 42. a6 Ra1 43. fxe5+ Bxe5 44. b5 f4 45. b6 1-0

[Event "San Nicolas de Bari-A"]
[Site "San Nicolas de Bari"]
[Date "2009.11.27"]
[Round "4"]
[White "Leyva Rivera, Yunier"]
[Black "Valdes Lopez, Alejandro"]
[Result "1/2-1/2"]
[WhiteElo "2394"]
[BlackElo "2233"]
[PlyCount "63"]
[EventDate "2009.11.24"]
[EventType "tourn"]
[EventRounds "7"]
[EventCountry "CUB"]
[EventCategory "4"]
[SourceTitle "CBM 133 Extra"]
[Source "ChessBase"]
[SourceDate "2010.01.05"]
[SourceVersion "1"]
[SourceVersionDate "2010.01.05"]
[SourceQuality "1"]

1. d4 Nf6 2. c4 e6 3. Nc3 Bb4 4. e3 c5 5. Bd3 Nc6 6. Nf3 0-0 7. 0-0 d5 8. a3 Ba5 9. Ne2 dxc4 10. Bxc4 Qe7 11. dxc5 Qxc5 12. Ba2 Bc7 13. b4 Qh5 14. Bb2 a6 15. Bxf6 gxf6 16. Ng3 Qh6 17. Rc1 Rd8 18. Qb3 Bd7 19. Ne4 Rab8 20. Rfd1 f5 21. Nc5 Be8 22. h3 Qf6 23. Rxd8 Bxd8 24. Rd1 Bb6 25. Nd7 Bxd7 26. Rxd7 Ne5 27. Nxe5 Qxe5 28. Qc4 Rd8 29. Rxd8+ Bxd8 30. Qc8 Qc7 31. Qxc7 Bxc7 32. a4 1/2-1/2

[Event "Capablanca Memorial op 44th"]
[Site "Havana"]
[Date "2009.06.16"]
[Round "8"]
[White "Valdes Lopez, Alejandro"]
[Black "Fernandez Cardoso, Alexey"]
[Result "0-1"]
[WhiteElo "2233"]
[BlackElo "2399"]
[PlyCount "116"]
[EventDate "2009.06.08"]
[EventType "swiss"]
[EventRounds "10"]
[EventCountry "CUB"]
[SourceTitle "CBM 130 Extra"]
[Source "ChessBase"]
[SourceDate "2009.07.02"]
[SourceVersion "2"]
[SourceVersionDate "2009.07.15"]
[SourceQuality "1"]

1. e4 c5 2. Nf3 Nc6 3. Bb5 e6 4. 0-0 Nge7 5. Nc3 a6 6. Bxc6 Nxc6 7. d4 cxd4 8. Nxd4 d6 9. Re1 Be7 10. Nxc6 bxc6 11. Qg4 g6 12. Bh6 e5 13. Qg3 g5 14. Rad1 Rg8 15. h4 Rg6 16. hxg5 f6 17. Qf3 fxg5 18. Qh5 Qc7 19. Re3 Be6 20. Rg3 Bf7 21. Rdd3 Qd7 22. Rdf3 Qe6 23. Rxf7 Qxf7 24. Bxg5 Rg7 25. Qh4 0-0-0 26. Bxe7 Qxe7 27. Qh3+ Kb8 28. Rd3 Qg5 29. g3 Qc1+ 30. Rd1 Qxc2 31. Qh6 Rf7 32. Qe3 Rdf8 33. Rf1 Kb7 34. f3 Rg8 35. g4 d5 36. exd5 cxd5 37. Qxe5 Qf5 38. Qd4 h5 39. Qxd5+ Qxd5 40. Nxd5 hxg4 41. f4 g3 42. Rf3 Rd7 43. Nf6 Rd1+ 44. Kg2 Rd2+ 45. Kg1 Rc8 46. Ne4 Rc1+ 47. Rf1 Rxf1+ 48. Kxf1 g2+ 49. Kg1 Rxb2 50. f5 Kc7 51. f6 Kd8 52. a4 Ke8 53. a5 Kf7 54. Nc5 Kxf6 55. Nxa6 Kf5 56. Nc5 Kg4 57. Kh2 Kf3 58. a6 Rb1 0-1

[Event "Capablanca Memorial op 44th"]
[Site "Havana"]
[Date "2009.06.09"]
[Round "2"]
[White "Valdes Lopez, Alejandro"]
[Black "Figueroa, Julissa"]
[Result "1-0"]
[WhiteElo "2233"]
[BlackElo "1780"]
[PlyCount "67"]
[EventDate "2009.06.08"]
[EventType "swiss"]
[EventRounds "10"]
[EventCountry "CUB"]
[SourceTitle "CBM 130 Extra"]
[Source "ChessBase"]
[SourceDate "2009.07.02"]
[SourceVersion "2"]
[SourceVersionDate "2009.07.15"]
[SourceQuality "1"]

1. e4 c5 2. Nf3 e6 3. d4 cxd4 4. Nxd4 a6 5. Bd3 Nc6 6. Nxc6 bxc6 7. 0-0 d5 8. Nd2 Nf6 9. Re1 Be7 10. e5 Nd7 11. Qg4 0-0 12. Nf3 f5 13. exf6 Nxf6 14. Qg3 Bd6 15. Qh4 Qe7 16. Bg5 h6 17. Bf4 Bxf4 18. Qxf4 Ne4 19. Qe3 Nc5 20. Ne5 Qd6 21. Rad1 Nd7 22. Nf3 Nf6 23. Ne5 Nd7 24. Nxd7 Bxd7 25. c4 Qc7 26. Bb1 Rae8 27. Qd3 Re7 28. Qh7+ Kf7 29. Bg6+ Kf6 30. Rd3 Ref7 31. Rf3+ Ke7 32. Rxf7+ Rxf7 33. Bxf7 Kxf7 34. Re3 1-0

[Event "Capablanca Memorial op 42nd"]
[Site "Havana"]
[Date "2007.05.26"]
[Round "8"]
[White "Vigoa Apecheche, Yanira"]
[Black "Valdes Lopez, Alejandro"]
[Result "1/2-1/2"]
[WhiteElo "2217"]
[BlackElo "2121"]
[PlyCount "93"]
[EventDate "2007.05.18"]
[EventType "swiss"]
[EventRounds "10"]
[EventCountry "CUB"]
[SourceTitle "CBM 118 Extra"]
[Source "ChessBase"]
[SourceDate "2007.07.04"]
[SourceVersion "1"]
[SourceVersionDate "2007.07.04"]
[SourceQuality "1"]

1. d4 Nf6 2. Nf3 e6 3. e3 d5 4. Bd3 c5 5. c3 Nc6 6. Nbd2 Bd6 7. 0-0 0-0 8. e4 cxd4 9. cxd4 dxe4 10. Nxe4 Be7 11. Be3 Nb4 12. Bb1 b6 13. a3 Nbd5 14. Ne5 Bb7 15. Qd3 Rb8 16. Ng5 g6 17. h4 Bd6 18. Bd2 Nd7 19. f4 Qe7 20. Qh3 Rbe8 21. Ne4 N5f6 22. Nc3 Rd8 23. Be3 Nd5 24. Nxd5 Bxd5 25. h5 Nf6 26. hxg6 fxg6 27. Bd3 Rc8 28. Rac1 Qb7 29. Nf3 Rxc1 30. Bxc1 Rc8 31. Ne5 Nd7 32. Bd2 Nf6 33. Be1 Rc1 34. Bh4 Rxf1+ 35. Bxf1 Nd7 36. Qg3 Nxe5 37. fxe5 Be7 38. Bf6 Qc7 39. Qg5 Bxf6 40. exf6 Bc4 41. Qe5 Qc8 42. Qd6 Bxf1 43. Qe7 Qf8 44. Qxe6+ Qf7 45. Qc8+ Qf8 46. Qe6+ Qf7 47. Qc8+ 1/2-1/2

[Event "Capablanca Memorial op 42nd"]
[Site "Havana"]
[Date "2007.05.22"]
[Round "5"]
[White "Valdes Lopez, Alejandro"]
[Black "Cardenas Ballester, Maydelin"]
[Result "1-0"]
[WhiteElo "2121"]
[BlackElo "2098"]
[PlyCount "80"]
[EventDate "2007.05.18"]
[EventType "swiss"]
[EventRounds "10"]
[EventCountry "CUB"]
[SourceTitle "CBM 118 Extra"]
[Source "ChessBase"]
[SourceDate "2007.07.04"]
[SourceVersion "1"]
[SourceVersionDate "2007.07.04"]
[SourceQuality "1"]

1. e4 c5 2. Nf3 Nc6 3. Bb5 e6 4. Bxc6 dxc6 5. d3 Qc7 6. e5 Ne7 7. Bf4 h5 8. h4 Nf5 9. Nbd2 b6 10. Ne4 Ba6 11. Qd2 0-0-0 12. Qc3 Bb7 13. 0-0-0 Nd4 14. Rhe1 f6 15. Bg3 Qf7 16. Qa3 a6 17. Nxd4 cxd4 18. Qb3 b5 19. a4 Re8 20. exf6 gxf6 21. Bd6 Qd7 22. Bxf8 Rhxf8 23. Qb4 Kc7 24. Nc5 Qd6 25. Qa5+ Kb8 26. Qb6 Rf7 27. Nxa6+ Ka8 28. axb5 Bxa6 29. Qxa6+ Ra7 30. Qxc6+ Qxc6 31. bxc6 Kb8 32. Kd2 Kc7 33. Re4 e5 34. Rde1 Kxc6 35. Rxd4 Rb8 36. Rc4+ Kd5 37. b3 Ra2 38. Kc3 Rg8 39. g3 Ra7 40. d4 Re8 1-0